| 000 | 00798nam a2200229Ia 4500 | ||
|---|---|---|---|
| 003 | GCL | ||
| 005 | 20240530102942.0 | ||
| 008 | 140319s9999 xx 000 0 ara d | ||
| 040 |
_aGCL / _cGCL |
||
| 082 | 0 | 4 |
_a332.06 _bو ت |
| 100 | 1 | _aوليامسون ، جون | |
| 245 | 1 | 0 |
_aالتكامل النقدى العربى المبررات- المشاكل- الوسائل / _cجون وليامسون ( واخ ... ) |
| 260 |
_a[S.N] : _bمركز دراسات الوحدة العربية ، _c1983 |
||
| 300 | _a740 ص | ||
| 650 | 0 | 4 | _aالعالم العربى |
| 650 | 0 | 4 | _aالسياسة المالية |
| 650 | 0 | 4 | _aالاحوال الاقتصادية |
| 650 | 0 | 4 | _aالنقود |
| 650 | 0 | 4 | _aصندوق النقد الدولى |
| 700 | 1 | _aوليامسون, جون | |
| 942 |
_2ddc _cBK |
||
| 999 |
_c35634 _d35634 |
||